000 01085nas a2200349 4500
001 BR2014008163
003 BR-BrBNA
005 20231205124852.0
007 ta
008 230509b bl.|||p| |||| 00| 00por d
040 _aBR-BrBNA
_bpor
_cBiblioteca Nacional de Agricultura
041 _a(Pt)
072 _aQ04
100 1 _aOliveira, C.G. de
100 1 _aDonato, S.L.R.
100 1 _aMizobutsi, G.P.
100 1 _aSilva, J.M. da
100 1 _aMizobutsi, E.H.
245 1 _aCaracterísticas pós-colheita de bananas 'Prata-Anã' e 'BRS Platina' armazenadas sob refrigeração
650 _aBANANA PRATA
650 _aBANANA ANÃ
650 _aVARIEDADE
650 _aPÓS-COLHEITA
650 _aPROPRIEDADE FÍSICO-QUÍMICA
650 _aPROPRIEDADE ORGANOLÉPTICA
650 _aREFRIGERAÇÃO
650 _aARMAZENAMENTO
650 _aPRESERVAÇÃO DE ALIMENTO
773 0 _tRevista Brasileira de Fruticultura (Brazil)
_xISSN 0100-2945
_g(Sep 2013), v. 35(3) p. 891-897
_wBR2014008163
909 _a202311
_bLúcia
_c55
_dLúcia Elande
942 _2AGRIS
_n0
_cANA
999 _c241327
_d241327